000 00206nam a2200097Ia 4500
005 20251222114357.0
008 251222s1900||||xx |||||||||||||| ||spa||
082 _aDVD0080/A59
245 0 _aKatyn:
942 _cDVD
999 _c1485
_d1485